[Event "Florence Weekend op 2nd"]
[Site "Florence"]
[Date "2007.10.28"]
[Round "5"]
[White "Garofalo, Simone"]
[Black "Cassai, Mario"]
[Result "0-1"]
[WhiteElo "2022"]
[BlackElo "1814"]
[PlyCount "54"]
[EventDate "2007.10.26"]
[EventType "swiss"]
[EventRounds "6"]
[EventCountry "ITA"]
[SourceTitle "EXT 2010"]
[Source "ChessBase"]
[SourceDate "2010.11.25"]
[SourceVersion "1"]
[SourceVersionDate "2010.11.25"]
[SourceQuality "1"]

1. e4 c5 2. Nf3 g6 3. d4 cxd4 4. Nxd4 Bg7 5. c4 Nc6 6. Nc2 Nf6 7. Nc3 d6 8. Be2 0-0 9. 0-0 Bd7 10. Bd2 Rc8 11. Rc1 Ne5 12. b3 Bc6 13. f3 a5 14. Kh1 Ned7 15. Qe1 e6 16. Qh4 d5 17. exd5 exd5 18. cxd5 Bxd5 19. Nxd5 Nxd5 20. Qxd8 Rfxd8 21. Bxa5 b6 22. Bd2 Bb2 23. Bc4 Bxc1 24. Bxc1 N7f6 25. a4 Re8 26. Kg1 Nc3 27. Kf2 Rxc4 0-1

[Event "Florence Weekend op 2nd"]
[Site "Florence"]
[Date "2007.10.26"]
[Round "2"]
[White "De Filomeno, Simone"]
[Black "Cassai, Mario"]
[Result "1-0"]
[WhiteElo "2045"]
[BlackElo "1814"]
[PlyCount "65"]
[EventDate "2007.10.26"]
[EventType "swiss"]
[EventRounds "6"]
[EventCountry "ITA"]
[SourceTitle "EXT 2010"]
[Source "ChessBase"]
[SourceDate "2010.11.25"]
[SourceVersion "1"]
[SourceVersionDate "2010.11.25"]
[SourceQuality "1"]

1. e4 c5 2. Nc3 Nc6 3. g3 g6 4. Bg2 Bg7 5. d3 d6 6. Be3 Nd4 7. Qd2 e5 8. Nd1 Bd7 9. c3 Nc6 10. Ne2 Nf6 11. Bh6 Bxh6 12. Qxh6 Qe7 13. 0-0 Ng4 14. Qd2 h5 15. h3 Nh6 16. Ne3 Be6 17. d4 cxd4 18. cxd4 exd4 19. Nxd4 Qd7 20. Rad1 Rd8 21. Nxe6 fxe6 22. Nc4 Nf7 23. f4 e5 24. Ne3 Nd4 25. Nd5 Kf8 26. fxe5 dxe5 27. Qg5 Qd6 28. Rf6 Qc5 29. Kh2 Rd6 30. Rxf7+ Kxf7 31. Qe7+ Kg8 32. Nf6+ Rxf6 33. Qxc5 1-0